000 00288nam a22001337a 4500
008 181029b xxu||||| |||| 00| 0 eng d
020 _a9780073394800
041 _aeng
080 _24th
_a573
100 _a11
101 _aBIO
245 _aHuman Biology
_cDaron,P.R
942 _2udc
_cBK
999 _c50949
_d50949